000
00282nam a2200109Ia 4500
008
220204s9999 xx 000 0 und d
082
_a
929APJKalam
_b
ABD
100
_a
Abdul Kalam, A P J
245
0
_a
Wings of fire
260
_a
Hyderabad
_b
University Press(India)
_c
1999
942
_c
BK
999
_c
42084
_d
42084